| 000 | 01165pam a2200313 a 4500 | ||
|---|---|---|---|
| 999 |
_c2389 _d2389 |
||
| 001 | 2468612 | ||
| 003 | GZU | ||
| 005 | 20201029104757.0 | ||
| 008 | 900227s1990 enkab b 001 0 eng | ||
| 010 | _a 90008271 | ||
| 020 | _a0415001021 | ||
| 020 | _a041500103X (pbk.) | ||
| 040 |
_aDLC _cDLC _dDLC |
||
| 043 | _aa-cc--- | ||
| 050 | 0 | 0 |
_aHC427.92 _b.GEO 1990 |
| 245 | 0 | 4 |
_aThe Geography of contemporary China : _bthe impact of Deng Xiaoping's decade / _cedited by Terry Cannon and Alan Jenkins. |
| 260 |
_aLondon ; _aNew York : _bRoutledge, _c1990. |
||
| 300 |
_axxiii, 316 p. : _bill., maps ; _c24 cm. |
||
| 504 | _aIncludes bibliographical references and index. | ||
| 651 | 0 |
_aChina _xEconomic policy _y1976-2000. |
|
| 651 | 0 |
_aChina _xEconomic conditions _y1976-2000. |
|
| 651 | 0 |
_aChina _xSocial conditions _y1976-2000. |
|
| 700 | 1 |
_aCannon, Terry, _d1948- _eeditor |
|
| 700 | 1 |
_aJenkins, Alan, _d1940- _eeditor |
|
| 856 | 4 | 2 |
_3Publisher description _uhttp://www.loc.gov/catdir/enhancements/fy0648/90008271-d.html |
| 906 |
_a7 _bcbc _corignew _d1 _eocip _f19 _gy-gencatlg |
||
| 942 |
_2lcc _cBK _h427.92 _iGEO _kHC |
||